| 000 | 00854cam a22002535a 4500 | ||
|---|---|---|---|
| 001 | 996472 | ||
| 005 | 20201128024119.0 | ||
| 008 | 070319s2007 enka frb 001 0 eng d | ||
| 020 | _a0745627366 | ||
| 020 | _a9780745627366 | ||
| 040 |
_aUKM _cUKM _dBAKER _dBWKUK _dYDXCP _dBTCTA _dBWK _dIXA _dVP@ _dNLGGC _dOBE _dEG-ScBUE _beng |
||
| 082 | 0 | 4 |
_222 _a364.168 _bWAL |
| 100 | 1 |
_aWall, David, _d1956- |
|
| 245 | 1 | 0 |
_aCybercrime : _bthe transformation of crime in the information age / _cDavid S. Wall. |
| 260 |
_aCambridge ; _aMalden : _bPolity Press, _c2007. |
||
| 300 |
_axii, 276 p. : _bill. ; _c23 cm. |
||
| 490 | 0 | _aCrime and society series | |
| 500 | _aIndex : p. [269]-276. | ||
| 504 | _aBibliography : p. 234-268. | ||
| 650 | 7 |
_aComputer crimes. _2BUEsh _93072 |
|
| 650 | 7 |
_aComputer security. _2BUEsh _92637 |
|
| 653 |
_bCOMSCI _cJanuary2017 |
||
| 942 | _2ddc | ||
| 999 |
_c23902 _d23874 |
||